000 00345nam a2200145Ia 4500
008 240624s9999 xx 000 0 und d
041 _aeng
082 _a658.848 SRI
100 _aSRINIVASAN R
245 _aINTERNATIONAL MARKETING
250 _a(3rd ed.)
260 _c2014
_aNew Delhi
_bPHI Learning
300 _a268 : p.
365 _cRS
_b31
999 _c23927
_d23927